|
|
|
|
| LEADER |
00000cam a2200000 a 4500 |
| 001 |
UCC7765 |
| 003 |
CL-VaPUC |
| 008 |
190505e19450000ag |||||||||||||||||spa|d |
| 082 |
0 |
4 |
|a 791.4309
|b MIL
|2 21
|
| 100 |
|
|
|a Millingham, F.
|e autor
|9 602443
|
| 245 |
1 |
0 |
|a Por qué nació el cine
|
| 250 |
|
|
|a 1a. ed
|
| 300 |
|
|
|a 338 p
|
| 942 |
|
|
|c BK
|
| 945 |
|
|
|d 20190505 21:05:00
|a dcastane
|
| 260 |
|
|
|a Buenos Aires
|b Nova
|c 1945
|
| 650 |
|
0 |
|a Historia del cine
|9 265166
|
| 583 |
|
|
|a last modification
|c 20190505 21:05:00
|k Rodrigo Vera
|
| 999 |
|
|
|c 374314
|d 374312
|
| 952 |
|
|
|0 0
|1 0
|3 erd
|4 0
|6 791_430900000000000_MIL_1945
|7 0
|8 A
|9 492815
|a BIBART
|b BIBART
|i 5545374
|l 1
|o 791.4309 MIL 1945
|p 5545374
|r 2025-03-13
|s 2024-08-22
|w 2019-11-24
|y BK
|z Catalogado en:20190505
|k ART
|